Russell : (Record no. 24736)
[ view plain ]
| 000 -LEADER | |
|---|---|
| fixed length control field | 00783cam a22002655a 4500 |
| 001 - CONTROL NUMBER | |
| control field | 12946098 |
| 005 - DATE AND TIME OF LATEST TRANSACTION | |
| control field | 20170427143300.0 |
| 008 - FIXED-LENGTH DATA ELEMENTS--GENERAL INFORMATION | |
| fixed length control field | 020926s2002 enka frb f001 0deng d |
| 020 ## - INTERNATIONAL STANDARD BOOK NUMBER | |
| International Standard Book Number | 0192802585 |
| 020 ## - INTERNATIONAL STANDARD BOOK NUMBER | |
| International Standard Book Number | 9780192802583 |
| 040 ## - CATALOGING SOURCE | |
| Original cataloging agency | DLC |
| Transcribing agency | DLC |
| Modifying agency | DLC |
| -- | EG-ScBUE |
| Language of cataloging | eng |
| 082 04 - DEWEY DECIMAL CLASSIFICATION NUMBER | |
| Edition number | 22 |
| Classification number | 192 |
| Item number | GRA |
| 100 1# - MAIN ENTRY--PERSONAL NAME | |
| Personal name | Grayling, A. C. |
| 245 10 - TITLE STATEMENT | |
| Title | Russell : |
| Remainder of title | a very short introduction / |
| Statement of responsibility, etc | A.C. Grayling. |
| 260 ## - PUBLICATION, DISTRIBUTION, ETC. (IMPRINT) | |
| Place of publication, distribution, etc | Oxford ; |
| -- | New York : |
| Name of publisher, distributor, etc | Oxford University Press, |
| Date of publication, distribution, etc | 2002. |
| 300 ## - PHYSICAL DESCRIPTION | |
| Extent | 147 p. : |
| Other physical details | ill. ; |
| Dimensions | 18 cm. |
| 490 0# - Series Statement | |
| Series statement | Very short introductions ; |
| Volume/sequential designation | 59 |
| 500 ## - GENERAL NOTE | |
| General note | Index : p. 141-147. |
| 504 ## - BIBLIOGRAPHY, ETC. NOTE | |
| Bibliography, etc | Bibliography : p. 139-140. |
| 600 17 - SUBJECT ADDED ENTRY--PERSONAL NAME | |
| Personal name | Russell, Bertrand, |
| Dates associated with a name | 1872-1970. |
| 9 (RLIN) | 38711 |
| 650 ## - SUBJECT ADDED ENTRY--TOPICAL TERM | |
| Source of heading or term | BUEsh |
| 651 ## - SUBJECT ADDED ENTRY--GEOGRAPHIC NAME | |
| Source of heading or term | BUEsh |
| 653 ## - INDEX TERM--UNCONTROLLED | |
| Resource For college | Humanities: Psychology |
| Arrived date list | April2017 |
| 942 ## - ADDED ENTRY ELEMENTS (KOHA) | |
| Source of classification or shelving scheme | Dewey Decimal Classification |
| Withdrawn status | Item status | Source of classification or shelving scheme | Damaged status | Not for loan | Vendor | Home library | Current library | Shelving location | Date acquired | Source of acquisition | Cost, normal purchase price | Serial Enumeration / chronology | Total Checkouts | Full call number | Barcode | Date last seen | Cost, replacement price | Koha item type |
|---|---|---|---|---|---|---|---|---|---|---|---|---|---|---|---|---|---|---|
| Dewey Decimal Classification | Academic Bookshop | Central Library | Central Library | Lower Floor | 27/04/2017 | Purchase | 63.00 | 1849 | 192 GRA | 000041731 | 15/07/2025 | 78.75 | Book - Borrowing |